[Event "COL-ch sf"]
[Site "Santa Rosa"]
[Date "2021.08.12"]
[Round "3"]
[White "Agudelo, Hector F"]
[Black "Toro Castaneda, Miguel Angel"]
[Result "0-1"]
[WhiteElo "1710"]
[BlackElo "1991"]
[PlyCount "66"]
[EventDate "2021.08.11"]
[EventType "swiss"]
[EventRounds "11"]
[EventCountry "COL"]
[SourceTitle "CBM 204 Extra"]
[Source "ChessBase"]
[SourceDate "2021.11.30"]
[SourceVersion "1"]
[SourceVersionDate "2021.11.30"]
[SourceQuality "1"]

1. c4 Nf6 2. g3 g6 3. Bg2 Bg7 4. Nc3 0-0 5. e4 d6 6. Nge2 c5 7. 0-0 Nc6 8. d3 Nd4 9. h3 Ne8 10. Be3 Rb8 11. a4 Bd7 12. Bxd4 cxd4 13. Nb5 Qb6 14. b4 a5 15. bxa5 Qxa5 16. Nbxd4 Qa7 17. Nb5 Bxb5 18. cxb5 Bxa1 19. Qxa1 Nc7 20. Rb1 Ne6 21. b6 Qa6 22. Rb3 Nc5 23. Rb5 Nxa4 24. Rg5 Nxb6 25. Qd4 Nd7 26. h4 Qb6 27. Qc3 Rfc8 28. Qd2 Qb1+ 29. Kh2 Rc2 30. Qe3 Qb2 31. Nf4 Rxf2 32. d4 e5 33. dxe5 dxe5 0-1

[Event "Pereira op-B"]
[Site "Pereira"]
[Date "2021.02.27"]
[Round "4"]
[White "Agudelo, Hector F"]
[Black "Lopez Ramirez, David Santiago"]
[Result "0-1"]
[WhiteElo "1720"]
[BlackElo "1996"]
[PlyCount "72"]
[EventDate "2021.02.25"]
[EventType "swiss"]
[EventRounds "7"]
[EventCountry "COL"]
[SourceTitle "EXT 2022"]
[Source "ChessBase"]
[SourceDate "2021.10.06"]
[SourceVersion "1"]
[SourceVersionDate "2021.10.06"]
[SourceQuality "1"]

1. d4 g6 2. Bf4 d6 3. Nf3 Bg7 4. e3 Nf6 5. h3 0-0 6. Be2 Nc6 7. Nbd2 Re8 8. Bh2 e5 9. dxe5 Nxe5 10. 0-0 Nfd7 11. c3 b6 12. Nxe5 Nxe5 13. Nf3 Bb7 14. Nxe5 Bxe5 15. Bf3 Qc8 16. Bxb7 Qxb7 17. Qd2 Bxh2+ 18. Kxh2 Re5 19. Rad1 a5 20. f4 Re4 21. f5 Rae8 22. Qf2 R8e7 23. f6 R7e5 24. Qf3 Qc8 25. Rd3 Qe6 26. Rd4 h5 27. Rxe4 Rxe4 28. Re1 Kh7 29. g3 Re5 30. g4 Qxa2 31. Qa8 Qxb2+ 32. Kh1 Qxc3 33. Qf8 Qxe1+ 34. Kg2 Qe2+ 35. Kh1 Qf1+ 36. Kh2 Qxf6 0-1

[Event "Pereira op-B"]
[Site "Pereira"]
[Date "2021.02.26"]
[Round "2"]
[White "Agudelo, Hector F"]
[Black "Benavides, Ricardo"]
[Result "1-0"]
[WhiteElo "1720"]
[BlackElo "1846"]
[PlyCount "41"]
[EventDate "2021.02.25"]
[EventType "swiss"]
[EventRounds "7"]
[EventCountry "COL"]
[SourceTitle "EXT 2022"]
[Source "ChessBase"]
[SourceDate "2021.10.06"]
[SourceVersion "1"]
[SourceVersionDate "2021.10.06"]
[SourceQuality "1"]

1. d4 Nf6 2. Bf4 g6 3. Nc3 Bg7 4. Qd2 d6 5. e4 0-0 6. 0-0-0 Be6 7. Bh6 Na6 8. h4 c5 9. d5 Bd7 10. h5 Nc7 11. Bxg7 Kxg7 12. hxg6 fxg6 13. Qh6+ Kg8 14. e5 dxe5 15. Ne4 Rf7 16. Ng5 Rg7 17. d6 exd6 18. Rxd6 Qe7 19. Bc4+ Kf8 20. Rxf6+ Qxf6 21. Nxh7+ 1-0

[Event "Pereira Risaraldense Cup-D"]
[Site "Pereira"]
[Date "2021.01.22"]
[Round "4"]
[White "Arias Arias, Yeison"]
[Black "Agudelo, Hector F"]
[Result "0-1"]
[WhiteElo "1679"]
[BlackElo "1730"]
[PlyCount "38"]
[EventDate "2021.01.20"]
[EventType "tourn"]
[EventRounds "9"]
[EventCountry "COL"]
[SourceTitle "CBM 200 Extra"]
[Source "ChessBase"]
[SourceDate "2021.03.31"]
[SourceVersion "1"]
[SourceVersionDate "2021.03.31"]
[SourceQuality "1"]

1. e4 c6 2. d4 d5 3. Nc3 dxe4 4. Nxe4 Nd7 5. Nf3 Ngf6 6. Bd3 Nxe4 7. Bxe4 Nf6 8. Bd3 e6 9. c3 c5 10. dxc5 Bxc5 11. 0-0 0-0 12. Qc2 h6 13. h3 Qc7 14. Re1 b6 15. Be3 Bb7 16. Bxc5 Qxc5 17. Qe2 Rad8 18. Rad1 Nh5 19. Be4 Ng3 0-1

[Event "COL pre olympic sf3"]
[Site "Dosquebradas"]
[Date "2018.06.01"]
[Round "5"]
[White "Agudelo, Hector F"]
[Black "Renteria, Jakson Alexander"]
[Result "1-0"]
[WhiteElo "1622"]
[BlackElo "1649"]
[PlyCount "39"]
[EventDate "2018.05.30"]
[EventType "swiss"]
[EventRounds "10"]
[EventCountry "COL"]
[SourceTitle "CBM 184 Extra"]
[Source "ChessBase"]
[SourceDate "2018.06.28"]
[SourceVersion "1"]
[SourceVersionDate "2018.06.28"]
[SourceQuality "1"]

1. e4 c5 2. Nf3 e6 3. d4 cxd4 4. Nxd4 Nc6 5. Nc3 a6 6. Be2 Qc7 7. 0-0 Nf6 8. Be3 Bb4 9. f3 0-0 10. a3 Be7 11. Qe1 b5 12. Nxc6 Qxc6 13. Bd3 d6 14. Qh4 e5 15. Bg5 Be6 16. Nd5 Bxd5 17. exd5 Qxd5 18. Bxf6 Qd4+ 19. Qxd4 exd4 20. Bxe7 1-0

[Event "Pereira Forero Cup 2nd"]
[Site "Pereira"]
[Date "2015.04.18"]
[Round "2"]
[White "Lopez Ramirez, Jorge Hernan"]
[Black "Agudelo, Hector F"]
[Result "1-0"]
[WhiteElo "2026"]
[BlackElo "1648"]
[PlyCount "57"]
[EventDate "2015.04.17"]
[EventType "swiss"]
[EventRounds "5"]
[EventCountry "COL"]
[SourceTitle "CBM 166 Extra"]
[Source "ChessBase"]
[SourceDate "2015.06.18"]
[SourceVersion "1"]
[SourceVersionDate "2015.06.18"]
[SourceQuality "1"]

1. e4 c5 2. Nf3 d6 3. c3 Nc6 4. d4 cxd4 5. cxd4 a6 6. Nc3 e6 7. Bc4 Nf6 8. d5 Na5 9. Bd3 Be7 10. b4 Qc7 11. Qc2 Nc4 12. Na4 b5 13. Be3 exd5 14. Nb6 Rb8 15. Nxd5 Nxd5 16. exd5 Qb7 17. Bd4 Qxd5 18. 0-0 Bg4 19. Be4 Qh5 20. h3 Bd7 21. Rfe1 d5 22. Bxd5 Qxd5 23. Bxg7 Bf5 24. Qe2 Rb7 25. Bxh8 Be6 26. Rad1 Qc6 27. Nd4 Qb6 28. Qf3 Bxb4 29. Nxe6 1-0

[Event "Pereira Forero Cup 2nd"]
[Site "Pereira"]
[Date "2015.04.17"]
[Round "1"]
[White "Agudelo, Hector F"]
[Black "Jaramillo, Carlos Orlando"]
[Result "0-1"]
[WhiteElo "1648"]
[BlackElo "1916"]
[PlyCount "48"]
[EventDate "2015.04.17"]
[EventType "swiss"]
[EventRounds "5"]
[EventCountry "COL"]
[SourceTitle "CBM 166 Extra"]
[Source "ChessBase"]
[SourceDate "2015.06.18"]
[SourceVersion "1"]
[SourceVersionDate "2015.06.18"]
[SourceQuality "1"]

1. d4 d5 2. c4 e6 3. Nf3 Nf6 4. Bg5 c6 5. e3 Qa5+ 6. Nfd2 Ne4 7. Bh4 Nd7 8. Bd3 Ndf6 9. 0-0 Bd6 10. f3 Nxd2 11. Nxd2 Qc7 12. h3 Bh2+ 13. Kh1 Bg3 14. Bxg3 Qxg3 15. e4 Nh5 16. Qe1 Qg5 17. Rf2 Nf4 18. Bf1 0-0 19. cxd5 exd5 20. exd5 cxd5 21. Qe5 Qg3 22. Qe1 Bxh3 23. gxh3 Rae8 24. Be2 Nd3 0-1